| 000 | 00990nam a2200205Ia 4500 | ||
|---|---|---|---|
| 008 | 220216s9999 xx 000 0 und d | ||
| 100 | _aJessy M D | ||
| 245 | 0 | _aComparative evaluation of basin and drip systems of irrigation in rubber | |
| 260 |
_bIndian Journal of Natural Rubber Research _c1994 |
||
| 300 | _a51-56 | ||
| 520 | _aAn experiment was conducted in central Kerala to compare basin and drip systems of irrigation in rubber. Irrigation was given at two levels (30 per cent and 50 per cent of crop evapotranspiration) and the same quantity was applied in both basin and drip methods. Both methods showed wide variation with respect to root, salinity and moisture distribution. Irrigation enhanced the growth of rubber significantly, irrespective of the method. | ||
| 650 | _aHevea brasiliensis | ||
| 650 | _aIrrigation system | ||
| 650 | _aKerala | ||
| 650 | _aSoil moisture | ||
| 700 | _aJacob Sarah | ||
| 700 | _aMathew M | ||
| 700 | _aPunnoose K I | ||
| 942 | _cJS | ||
| 999 |
_c55923 _d55923 |
||